MDQL
is popping MORE tags! Check the
thread
!
Quizzes
Events
Quiz Creation
Community
Videos
Private Events
Remove Ads
Sign In
Join for FREE
Feedback
Dark Mode
Quiz Categories
Sports
Geography
Music
Movies
Television
Just For Fun
Miscellaneous
History
Literature
Language
Science
Gaming
Entertainment
Religion
Holiday
For Kids
Quiz Lab
Recent
Popular Today
Quiz Kudos Today
Editor Picks
Curator Picks
Quizzes by...
Day
Popularity
Type
Ratings
Length
Year
Community
Subscriptions
Recent Discussions
Orange Saloon
Badges
Playlists
Quests
Create
Leaderboards
Showdown
Live 5
Trivia Bingo
Activity
Puzzle Library
Sporcle Events
Private Events
Virtual Trivia
Globe League
Become a Host
Pub Owners
SporcleCon
Opinionation
Our Games
Videos
Blog
Mobile Apps
Partnerships
Remove Ads and Go Orange
Feedback
Music
Pop Music
The Beatles
Song
Album
Lyrics
Bands
Singers
Artist
Clip
Rock
Rap
Classical
Billboard
Country Music
Kpop
Taylor Swift
Music
Pop Music
The Beatles
Song
Album
Lyrics
Bands
Singers
Artist
Clip
Rock
Rap
Classical
Billboard
Country Music
Kpop
Taylor Swift
Random Quiz
Search Sporcle
×
Quiz Lab
Quiz Lab
Music
Song
Type in answers that appear in a list
Type in answers that appear in a list
Classic
Best Score? Go Orange.
Ryan Cabrera Songs Stats
Can you name the Ryan Cabrera Songs?
By
TaylorGrider
20m
33 Questions
26 Plays
26 Plays
26 Plays
Comments
Comments
Give Quiz Kudos
Give Quiz Kudos
-
- Ratings
hide this ad
Replay
Link that replays current quiz
Next Quiz
Link to next quiz in quiz playlist
You Got
0%
They Got
Avg Score
39%
Avg Friend Score
Upgrade to see
Score Distribution
Jump to the score distribution portion of the page
Score
0/33
Timer
20:00
0
Plays Today
Album
Songs
% Correct
Take It All Away
True
84.6%
Take It All Away
On The Way Down
80.8%
Take It All Away
Take It All Away
73.1%
You Stand Watching
Shine On
69.2%
Take It All Away
Exit To Exit
65.4%
You Stand Watching
Photo
61.5%
Take It All Away
40 Kinds Of Sadness
53.8%
Take It All Away
Echo Park
53.8%
Take It All Away
She's
53.8%
Take It All Away
Shame On Me
50%
Take It All Away
Let's Take Our Time
46.2%
You Stand Watching
Hit Me With Your Light
46.2%
You Stand Watching
Fall Baby Fall
46.2%
You Stand Watching
Walking On Water
46.2%
You Stand Watching
It's You
42.3%
The Moon Under Water
I Will Remember You
42.3%
Take It All Away
Illusions
34.6%
Album
Songs
% Correct
You Stand Watching
Find Your Way
34.6%
You Stand Watching
Our Story
34.6%
You Stand Watching
Last Night
34.6%
You Stand Watching
From The Start
30.8%
You Stand Watching
With You Gone
26.9%
The Moon Under Water
Enemies
26.9%
The Moon Under Water
Say
26.9%
Take It All Away
Blind Sight
23.1%
The Moon Under Water
In Between Lights
19.2%
The Moon Under Water
Rise (The Dog Barks)
19.2%
The Moon Under Water
Sit Back,Relax
11.5%
The Moon Under Water
The Tango
11.5%
The Moon Under Water
How Bout Tonite
11.5%
The Moon Under Water
Say You Will
11.5%
The Moon Under Water
Please Don't Lie
11.5%
The Moon Under Water
I Shouda Kissed U
3.8%
Quiz Playlist
Details
Report
Send in Message
Add To Playlist
Classic:
Type in answers that appear in a list
Last Updated: Feb 16, 2017
Quiz Scoreboard
CHALLENGE
Sign Up to Join the Scoreboard
Show All
Scores
Hide
Comments
May contain spoilers
Recently Published
Find the 'City' Movie
by crazypaving
Movies
60s
5x2 Blitz: Bands
by SL_Kpop136
Music
30s
Colored Red Africa Blitz
by spor1
Geography
30s
More to Explore
Quiz From the Vault
Featured Blog Post
14 Easter Pick-up Lines to Find Eggs With
hide this ad
You Might Also Like...
Tags
Album Quiz
Song Quiz
Ryan
Today's Top Quizzes in Music
Browse Music
hide this ad
Today's Top Quizzes in Song
Browse Song
Top Contributed Quizzes in Music
1
5X2 Blitz: Bands II
2
Taylor Swift Logic Puzzle II
3
Taylor Swift All Songs (2024)
4
5X2 Blitz: The Beatles
5
5X2 Blitz: Billboard
6
5X2 Blitz: Singers
7
5X2 Blitz: Album
8
5X2 Blitz: Rock
9
Music Artist by Three 2010s hits
10
5X2 Blitz: Billboard II
Explore More
Trending Topics
NBA
Marvel
Kpop
Harry Potter
Disney
Anime
Crossword
WWE
Song
Country
The Office
Pokémon
Puzzle
NFL
Soccer
hide this ad
More By:
TaylorGrider
Quiz
Plays
Rating
Category
Featured
Created
Good Charlotte Songs
872
4.50
Music
Jul 4, 2010
Tim McGraw Songs
371
5.00
Music
Jul 14, 2010
Keith Urban Songs
348
3.40
Music
Jul 24, 2010
LeAnn Rimes Songs
207
Music
Apr 10, 2011
Clay Walker Songs
71
5.00
Music
Jul 4, 2010
Go to Creator's Profile
Score Distribution
Quiz Creator Spotlight
TaylorGrider
Follow
Send a Message
Quizzes Created
-
Created Quiz Play Count
-
More By This Creator
Popular Quizzes Today
1
Colored Red Africa Blitz
2
Find the 'City' Movie
3
5x2 Blitz: Bands
4
Find the US States - No Outlines Minefield
5
The Countries of the World
6
Find the US States
7
US States
8
9x9 Crossword: Cartoon Network
More Music Quizzes
Which Member is Missing?: BTS
Quiz Lab
Trending Quizzes
Colored Red Europe Blitz I
Colored Red Africa Blitz II
Colored Red Africa Blitz III
Colored Red Europe Blitz III
Colored Red Europe Blitz II
Recently Updated
Champions League XIs: Real Madrid
pecheneg
Largest US Cities 1790-2010
pecheneg
Rides in Walt Disney World
pecheneg
Most Oscar Losses (Acting)
pecheneg
Beyoncé Albums
pecheneg
Leaping Animals
pecheneg
Reality TV Shows (A-Z)
bhenderson79
Rickey Henderson's Hall of Fame Teammates
pecheneg
Champions League XIs: Arsenal
pecheneg
Quick Pick: Celebrities in WWE's Hall of Fame
aduchscher
Trending Topics
Marvel
Disney
Harry Potter
Anime
Crossword
NBA
Kpop
Country
WWE
Puzzle
Song
NFL
The Office
Soccer
Pokémon
Your Account Isn't Verified!
In order to create a playlist on Sporcle, you need to verify the email address you used during registration. Go to your
Sporcle Settings
to finish the process.
Report this User
Report this user for behavior that violates our
Community Guidelines
.
Details:
Send Report
Go to the Sporcle.com Mobile Site →
Comments